Sultanes del Imperio Otomano - Estadísticas

Estadísticas generales
  • Esta prueba ha sido intentada 66 veces
  • La puntuación promedio es 20 de 39
Estadísticas de respuestas
Período Nombre del Sultán % Correcto
1413-1421 Mehmed I
80%
1451-1481 Mehmed I
80%
1444-1445 Mehmed II
80%
1595-1603 Mehmed III
80%
1648-1687 Mehmed IV
80%
1909-1918 Mehmed V
80%
1918-1922 Mehmed VI
80%
1299-1326 Osmán I
65%
1618-1622 Osmán II
65%
1754-1757 Osmán III
65%
1520-1566 Solimán I
65%
1687-1691 Solimán II
65%
1359-1389 Murad I
48%
1421-1444 Murad II
48%
1445-1451 Murad II
48%
1574-1595 Murad III
48%
1622-1640 Murad IV
48%
1876-1876 Murad V
48%
1512-1520 Selim I
48%
1566-1574 Selim II
48%
1789-1807 Selim III
48%
1389-1402 Bayezid I
45%
1481-1512 Bayezid II
45%
1617-1618 Mustafa I
45%
1695-1703 Mustafa II
45%
1757-1774 Mustafa III
45%
1807-1808 Mustafa IV
45%
1603-1617 Ahmed I
43%
1691-1695 Ahmed II
43%
1703-1730 Ahmed III
43%
1640-1648 Ibrahim I
40%
1730-1754 Mahmud I
33%
1808-1839 Mahmud II
33%
1326-1359 Orhan I
33%
1774-1789 Abdülhamid I
30%
1876-1909 Abdülhamid II
30%
1839-1861 Abdülmecid I
28%
1922-1924 Abdülmecid II
28%
1861-1876 Abdülaziz I
25%
No se encontraron pruebas coincidentes
Distribución de puntuación
Porcentaje de gente con cada puntuación
Porcentaje por número respondido
Historial de tus puntuaciones
No has intentado esta prueba.